|
|
|
|
| LEADER |
01547nam a2200433 a 4500 |
| 001 |
nkc20092006959 |
| 003 |
CZ PrNK |
| 005 |
20240409140811.0 |
| 007 |
ta |
| 008 |
091019s2009 xr g 000 f cze |
| 015 |
|
|
|a cnb002006959
|
| 020 |
|
|
|z 978-80-7246-492-0
|q (soubor)
|
| 020 |
|
|
|a 978-80-7246-488-3
|q (váz.)
|
| 035 |
|
|
|a (OCoLC)505914334
|
| 040 |
|
|
|a OLA001
|b cze
|d BOA001
|d ABA001
|
| 041 |
1 |
|
|a cze
|h nor
|
| 072 |
|
7 |
|a 821.11
|x Germánské literatury
|2 Konspekt
|9 25
|
| 080 |
|
|
|a 821.113.5-31
|2 MRF
|
| 080 |
|
|
|a (0:82-31)
|2 MRF
|
| 100 |
1 |
|
|a Gulbranssen, Trygve,
|d 1894-1962
|7 jn19990002981
|4 aut
|
| 240 |
1 |
0 |
|a Blåser fra Dauingfjell.
|l Česky
|7 aun2016915827
|
| 245 |
1 |
0 |
|a Vane vítr z hor /
|c Trygve Gulbranssen ; [přeložil Oldřich Liška]
|
| 250 |
|
|
|a V nakl. Motto vyd. 2.
|
| 260 |
|
|
|a Praha :
|b Motto,
|c 2009
|
| 300 |
|
|
|a 199 s. ;
|c 21 cm
|
| 490 |
1 |
|
|a Světový román
|
| 500 |
|
|
|a Přeloženo z norštiny
|
| 655 |
|
7 |
|a norské romány
|7 fd132917
|2 czenas
|
| 655 |
|
9 |
|a Norwegian fiction
|2 eczenas
|
| 700 |
1 |
|
|a Liška, Oldřich,
|d 1920-
|7 jk01072276
|4 trl
|
| 787 |
0 |
8 |
|i Navazuje na:
|t Věčně zpívají lesy
|
| 830 |
|
0 |
|a Světový román (Motto)
|0 s
|
| 856 |
4 |
1 |
|u http://www.digitalniknihovna.cz/mzk/uuid/uuid:dda49590-15ab-11e5-bcb7-005056827e52
|y Digitalizovaný dokument
|x NDK
|
| 910 |
2 |
|
|a BOA001
|b 2-1233.415
|
| 928 |
9 |
|
|a R + H, nakladatelství Motto
|
| 990 |
|
|
|a BK
|
| 995 |
|
|
|a 01
|
| 991 |
|
|
|b 200912
|
| 996 |
6 |
|
|b 2610404493
|c 2-1233.415
|l MZK
|r Sklad / do 1 hodiny
|n 3
|p p.v.
|w 000978274
|u 000010
|a 1
|e BOA001
|j MZK50
|s P
|